Guess the Taylor Swift Song by the Last Line - Statistics

General Stats
  • This quiz has been taken 56 times
  • The average score is 11 of 15
Answer Stats
Hint Answer % Correct
It must be exhausting always rooting for the anti-hero Anti-Hero
98%
Karma's a relaxing thought Karma
98%
And I'll write your name Blank Space
96%
I'll be usin' for the rest of my life Don't Blame Me
96%
And I promise that nobody's gonna love you like me-e-e ME!
93%
"I love you," ain't that the worst thing you ever heard? Cruel Summer
89%
For the hope of it all august
85%
Please don't have somebody waiting on you Enchanted
85%
His love was like driving a new Maserati down a dead end street Red
83%
It just felt so good, good I Did Something Bad
78%
You never gave a warning sign, ah, ah exile
70%
Try and come for my job I Can Do It With a Broken Heart
65%
But it won't start up'til I touch, touch, touch you Fortnight
59%
I said, "That's a lie" Tim McGraw
30%
Oh, oh, oh yeah Fearless
13%
No matching quizzes found
Score Distribution
Percent of People with Each Score
Percentile by Number Answered
Your Score History
You have not taken this quiz